| 000 | 00353 a2200133 4500 | ||
|---|---|---|---|
| 005 | 20250506095934.0 | ||
| 020 | _a0-03-042001-6 | ||
| 082 | _a808.51 COH | ||
| 100 | _aCOHEN, E. | ||
| 245 | _aSpeaking the Speech | ||
| 260 |
_aNew York, _bHolt, Rinehart and Winston, _c1980. |
||
| 300 |
_axiii, 179p., ill., graphs, _bIndex, _c22cm. |
||
| 942 |
_2ddc _cBKS |
||
| 999 |
_c1989 _d1989 |
||